|
|
|
|
| LEADER |
00000nab a2200000 a 4500 |
| 001 |
vtls000332839 |
| 003 |
SK-MaSNL |
| 005 |
20260303194545.0 |
| 008 |
160204c1988 xo 0 slo |
| 015 |
|
|
|a SNBRA19rr/mm-uuuuu
|
| 035 |
|
|
|a CL0332961
|
| 040 |
|
|
|a SNKBUCL
|b slo
|c SNKBUCL
|e AACR2
|
| 041 |
0 |
|
|a slo
|
| 044 |
|
|
|a xo
|c SK
|
| 080 |
|
|
|a 551.444:556.366(234.372.3)
|2 1981
|
| 080 |
|
|
|a 556.366(234.372.3)
|2 1981
|
| 080 |
|
|
|a 556.366
|2 1981
|
| 100 |
1 |
|
|a Hanzel, Vladimír,
|d 1937-
|4 aut
|9 113674
|
| 245 |
1 |
0 |
|a Niekoľko poznatkov zo zachytávania a využívania puklinovo-krasových vôd
|c Vladimír Hanzel
|
| 300 |
|
|
|b Tb. 1. Res. angl., lit. 8 zázn. v slov.
|
| 650 |
0 |
7 |
|a podzemné vody
|2 snkbucl
|9 3610
|
| 651 |
|
7 |
|a Západné Karpaty (pohorie)
|2 snkbucl
|9 175174
|
| 655 |
|
7 |
|a články zo zborníkov
|2 snkbucl
|9 166140
|
| 773 |
0 |
|
|t Optimalizácia využitia puklinových a puklinovo-krasových vôd
|d Bratislava : Geologický ústav D. Štúra, 1988
|g S. 29-33
|
| 850 |
|
|
|a Slovenská národná knižnica v Martine
|a MTA001
|
| 852 |
|
|
|a SNK
|b KIS3GCP
|
| 958 |
|
|
|a NB
|
| 958 |
|
|
|a RK
|
| 992 |
|
|
|a RZB
|
| 999 |
|
|
|c 2158293
|d 2160223
|